| 000 | 01256nam a2200229Ia 4500 | ||
|---|---|---|---|
| 001 | 11497 | ||
| 003 | GE_BSU | ||
| 008 | 181216s||||||||xx |||||||||||||| ||und|| | ||
| 040 | _cGE_BSU | ||
| 080 | _a63:54(075.9)+631.174(075.9)+632.934(075.9) | ||
| 100 | _aმენაღრიშვილი,ა.ჯ; ქარუმიძე,ს.ა; ერქომაიშვილი,ს.კ. | ||
| 245 | _aსოფლის მეურნეობის ქიმიზაციის საფუძვლები. | ||
| 245 | _bსახელმძღვ.აგროქიმიის საყოველთაო სწავლების სკოლებისა და კურსებისათვის. | ||
| 245 | _cრედ:ა.სვანიძე. | ||
| 260 | _aთბილისი | ||
| 260 | _bცოდნა | ||
| 260 | _c1964 | ||
| 300 | _a246გვ;20სმ. | ||
| 300 | _bცხრ. | ||
| 653 | _aსოფლის მეურნეობის ქიმიზაციის საფუძვლები.სახელმძღვ.აგროქიმიის საყოველთაო სწავლების სკოლებისა და კურსებისათვის. | ||
| 942 | _cBK | ||
| 999 |
_c44693 _d44693 |
||